书目信息 |
| 题名: |
撑拐杖的人
|
|
| 作者: | 唐炳昌, 著 | |
| 分册: | ||
| 出版信息: | 上海 学林出版社 2005.01 |
|
| 页数: | 421页, [4] 页图版 | |
| 开本: | 21cm | |
| 丛书名: | ||
| 单 册: | ||
| 中图分类: | I247.53 | |
| 科图分类: | ||
| 主题词: | 自传体小说--中国--现代 | |
| 电子资源: | ||
| ISBN: | 7-80668-863-3 | |
| 000 | 00822nam0 2200217 450 | |
| 001 | 0159156254 | |
| 005 | 20050915102809.32 | |
| 010 | @a7-80668-863-3@dCNY25.00 | |
| 100 | @a20050615d2005 km y0chiy0120 ea | |
| 101 | 0 | @achi |
| 102 | @aCN@b310000 | |
| 105 | @aafh z 000ay | |
| 200 | 1 | @a撑拐杖的人@Acheng guai zhang de ren@f唐炳昌著@Ftang bing chang zhu |
| 210 | @a上海@c学林出版社@d2005.01 | |
| 215 | @a421页, [4] 页图版@c图, 摹真@d21cm | |
| 330 | @a本书作者以充满人情味的上海市郊地方特色的语言,描写了一位残疾青年,不屈服命运对自己的不公和社会党歧视,跌倒了爬起来,再跌倒再爬起来,最终获得事业成功、爱情如意、生活富裕令人羡慕的成绩的故事。 | |
| 606 | 0 | @a自传体小说@y中国@z现代 |
| 690 | @aI247.53@v4 | |
| 701 | 0 | @a唐炳昌,@Atang bing chang,@A1958-@4著 |
| 801 | 0 | @aCN@bQSSK@c20050915 |
| 905 | @a10447@dI247.53@eT230 | |
| 撑拐杖的人/唐炳昌著.-上海:学林出版社,2005.01 |
| 421页, [4] 页图版:图, 摹真;21cm |
| ISBN 7-80668-863-3:CNY25.00 |
| 本书作者以充满人情味的上海市郊地方特色的语言,描写了一位残疾青年,不屈服命运对自己的不公和社会党歧视,跌倒了爬起来,再跌倒再爬起来,最终获得事业成功、爱情如意、生活富裕令人羡慕的成绩的故事。 |
| ● |
| 相关链接 |
|
|
|
正题名:撑拐杖的人
索取号:I247.53/T230
 
预约/预借
| 序号 | 登录号 | 条形码 | 馆藏地/架位号 | 状态 | 备注 |
| 1 | 564394 | 205643945 | 社科二线400B/400B社科库 19排1列6层/ [索取号:I247.53/T230] | 在馆 | |
| 2 | 564395 | 205643954 | 社科二线400B/400B社科库 19排1列6层/ [索取号:I247.53/T230] | 在馆 | |
| 3 | 564396 | 205643963 | 社科二线400B/400B社科库 19排1列6层/ [索取号:I247.53/T230] | 在馆 |